00568nam a2200097Ia 4500008004100000100008900041245024100130260002700371650002000398856005200418171212s9999 xx 000 0 und d aDamberg, Cheryl L.;Sorbero, Melony E.;Lovejoy, Susan L.;Martsolf, Grant;Raaen, Laura cDamberg, Cheryl L.;Sorbero, Melony E.;Lovejoy, Susan L.;Martsolf, Grant;Raaen, LauraaMeasuring Success in Health Care Value-Based Purchasing ProgramsbFindings from an Environmental Scan, Literature Review, and Expert Panel Discussions bRAND Corporationc2014 aHealth Sciences uhttp://www.jstor.org/stable/10.7249/j.ctt5vjvrk